| 000 | 00419nam a2200169Ia 4500 | ||
|---|---|---|---|
| 003 | GCL | ||
| 008 | 140319s9999 xx 000 0 aFre d | ||
| 040 |
_aGCL / _cGCL |
||
| 082 | 0 | 4 |
_aCC _b363.562 _bH C |
| 100 | 1 | _aHANNA, MILAD | |
| 245 | 1 | 0 |
_aLE LOGEMENT EN EGYPTE : ESSAI CRITIQUE / _cHANNA, MILAD |
| 260 |
_a[S.N] : _bCEDEJ ، _c1992 |
||
| 300 | _a254 | ||
| 650 | 0 | 4 | _aHOUSING |
| 650 | 0 | 4 | _aEGYPT |
| 942 |
_2ddc _cBK |
||
| 999 |
_c13533 _d13533 |
||